000 00876nam a2200265Ia 4500
003 OSt
005 20221005103639.0
006 a|||||r|||| 00| 0
007 ta
008 221004b |||||||| |||| 00| 0 hin d
020 _a8186747500 (hbk)
_cIndian Rupees 180.00
024 _a27876
037 _bGift, 04/10/2016,
_cTextual
040 _aCRL
_cCRL
_bhin
041 _2hin
_ahin
082 _aO152,2:g, P4
100 _aनवल, हरीश
245 0 _aहिंदी नाटक
_b तीन दशक
246 _aHiandī nāṭaka: tīn dashaka
260 _aदिल्ली
_bअनंग प्रकाशन भारत
_c2004
300 _a151पृ0
_ccm.
650 _aहिन्दी साहित्य
942 _hO152,2:g, P4
_cTEXL
_2cc
999 _c1010495
_d1010495